Regional-global : dilemas de la región y de la regionalización en la geografía contemporánea /

Bibliographic Details
Main Author: Haesbaert, Rogério (Author)
Corporate Author: JSTOR (Organization)
Other Authors: Zusman, Perla (Editor), Quintero Weir, José Angel, 1955- (Translator)
Format: eBook
Language:Portuguese
Spanish
Published: Ciudad de Buenos Aires, Argentina : CLACSO, [2019]
Subjects:
Online Access:Connect to the full text of this electronic book

MARC

Tag First Indicator Second Indicator Subfields
LEADER 00000cam a2200000Ii 4500
001 in00004375113
005 20211115205241.0
006 m o d
007 cr cnu---unuuu
008 190909s2019 ag ob 000 0 por d
035 |a (OCoLC)on1117710110 
040 |a JSTOR  |b eng  |e rda  |e pn  |c JSTOR  |d YOU  |d N$T 
019 |a 1257258706 
020 |a 9789877224061  |q (electronic bk.) 
020 |a 9877224062  |q (electronic bk.) 
020 |z 9788528614459 
020 |z 852861445X 
020 |a 9789877224122  |q (electronic bk.) 
020 |a 9877224127  |q (electronic bk.) 
035 |a (OCoLC)1117710110  |z (OCoLC)1257258706 
037 |a 22573/ctvnphp2h  |b JSTOR 
041 1 |a spa  |h por 
050 4 |a HT388 
082 0 4 |a 338.9  |2 23 
049 |a TXAM 
100 1 |a Haesbaert, Rogério,  |e author. 
240 1 0 |a Regional-global.  |l Spanish 
245 1 0 |a Regional-global :  |b dilemas de la región y de la regionalización en la geografía contemporánea /  |c Rogério Haesbaert ; edición cuidado de Perla Zusman ; traducción de José Ángel Quintero Weir. 
264 1 |a Ciudad de Buenos Aires, Argentina :  |b CLACSO,  |c [2019] 
300 |a 1 online resource. 
336 |a text  |b txt  |2 rdacontent 
337 |a computer  |b c  |2 rdamedia 
338 |a online resource  |b cr  |2 rdacarrier 
504 |a Includes bibliographical references. 
588 0 |a PDF (JSTOR, viewed Sep. 9, 2019). 
650 0 |a Regionalism. 
650 0 |a Regional economics. 
650 0 |a Globalization. 
650 0 |a Geography  |x Methodology. 
650 0 |a Economic geography. 
650 7 |a Economic geography.  |2 fast  |0 (OCoLC)fst00901962 
650 7 |a Geography  |x Methodology.  |2 fast  |0 (OCoLC)fst00940500 
650 7 |a Globalization.  |2 fast  |0 (OCoLC)fst00943532 
650 7 |a Regional economics.  |2 fast  |0 (OCoLC)fst01093090 
650 7 |a Regionalism.  |2 fast  |0 (OCoLC)fst01093204 
655 7 |a Electronic books.  |2 local 
700 1 |a Zusman, Perla,  |e editor. 
700 1 |a Quintero Weir, José Angel,  |d 1955-  |e translator. 
710 2 |a JSTOR (Organization) 
856 4 0 |u https://www.jstor.org/stable/10.2307/j.ctvnp0k9b  |z Connect to the full text of this electronic book  |t 0 
955 |a JSTOR Open Access ebooks 
994 |a 92  |b TXA 
999 f f |s bb8dac53-36d9-34a2-a0ce-db25b4c77b8d  |i 887fb81f-1988-34b7-a833-7273c7f28ce9  |t 0 
952 f f |a Texas A&M University  |b College Station  |c Electronic Resources  |d Available Online  |t 0  |e HT388  |h Library of Congress classification 
998 f f |a HT388  |t 0  |l Available Online